• 首页
  • 本馆介绍
  • 公告通知
  • 最新文献
  • 馆藏检索
  • 电子资源
  • 读者导购
  • 参考咨询
  • 我的图书馆
  • 登录
  • 详细信息显示
  • 放入我的书架
  • 预约/预借图书
  • 作者相关作品
  • 分类相关作品
  • 丛书相关作品
  • 出版社相关作品

书目信息

  • 表格格式
  • 工作单格式
  • 卡片格式
题名:
脑瘫儿童引导式教育教与学
    
 
作者: 郑毓君 , 郑飞雪 主编 ;中国残联社会服务指导中心 主编
分册:  
出版信息: 北京   华夏出版社  2020.01
页数: 382页
开本: 26cm
丛书名: 脑瘫儿童引导式教育项目系列
单 册:
中图分类: G764
科图分类:
主题词: 小儿疾病--xiao er ji bing--脑瘫--特殊教育--教材
电子资源:
ISBN: 978-7-5080-9768-8
000 01688nam 2200337 450
001 0105143329
005 20201105165253.42
010    @a978-7-5080-9768-8@dCNY169.00
100    @a20200817d2020 em y0chiy50 ea
101 0  @achi
102    @aCN@b110000
105    @aa z 000yy
106    @ar
200 1  @a脑瘫儿童引导式教育教与学@Anao tan er tong yin dao shi jiao yu jiao yu xue@dConductive education for children with cerebral palsy: teaching and learning@f中国残联社会服务指导中心主编@zeng
205    @a2版
210    @a北京@c华夏出版社@d2020.01
215    @a382页@c彩图, 彩照@d26cm
225 2  @a脑瘫儿童引导式教育项目系列@Anao tan er tong yin dao shi jiao yu xiang mu xi lie
300    @a长江新里程计划
304    @a中国残联长江新里程计划项目办公室 中国康复科学所 中国康复研究中心 首都医科大学康复医学院组织编写
314    @a个人主编取自编写组名单
330    @a本书分为理念篇与实践篇两部分:理念篇主要阐述引导式教育的基本理念、基本原则、基本框架;实践篇重在操作指引,主要从引导式教育的实践的程序、流程、环节的角度,全面讲述教学计划制定、评估与目标制定、主题课设计、习作程序编排、节律性意向编制原则、教学环境设计安排、家长培训等,均为康复机构开展引导式教育所必须掌握的基本内容。
461  0 @12001 @a脑瘫儿童引导式教育项目系列
510 1  @aConductive education for children with cerebral palsy: teaching and learning@zeng
606 0  @a小儿疾病@Axiao er ji bing@x脑瘫@x特殊教育@j教材
690    @aG764@v5
701  0 @a郑毓君@Azheng yu jun@4主编
701  0 @a郑飞雪@Azheng fei xue@4主编
712 02 @a中国残联社会服务指导中心@Azhong guo can lian she hui fu wu zhi dao zhong xin@4主编
801  0 @aCN@bBJSZM@c20201105
905    @b1262883-5@dG764@e167=2@f3
    
    脑瘫儿童引导式教育教与学=Conductive education for children with cerebral palsy: teaching and learning/中国残联社会服务指导中心主编.-2版.-北京:华夏出版社,2020.01
    382页:彩图, 彩照;26cm.-(脑瘫儿童引导式教育项目系列)
    长江新里程计划
    
    ISBN 978-7-5080-9768-8:CNY169.00
    本书分为理念篇与实践篇两部分:理念篇主要阐述引导式教育的基本理念、基本原则、基本框架;实践篇重在操作指引,主要从引导式教育的实践的程序、流程、环节的角度,全面讲述教学计划制定、评估与目标制定、主题课设计、习作程序编排、节律性意向编制原则、教学环境设计安排、家长培训等,均为康复机构开展引导式教育所必须掌握的基本内容。
●
相关链接 在E读中查询图书 在五车中查询图书 在当当中查询图书 在豆瓣中查询图书


正题名:脑瘫儿童引导式教育教与学     索取号:G764/167=2         预约/预借

序号 登录号 条形码 馆藏地/架位号 状态 备注
1 1262883   212628833   第一样本阅览室/ [索取号:G764/167=2] 在馆    
2 1262884   212628842   第四借阅区/ [索取号:G764/167=2] 在馆    
3 1262885   212628851   第四借阅区/ [索取号:G764/167=2] 在馆    
唐山师范学院图书馆 欢迎您!
大连网信软件有限公司© 版权所有